000 03300nam0a2200397 4500
001 RU\NLR\BIBL_A\022028605
005 20230927153318.0
010 _a978-5-6048133-7-9
_9100
021 _aRU
_bКН-П-23-051081
_9КН-П-23-5130
035 _a(NLR Aleph) 022028605
035 _a(RuMoRGB)012018431
090 _a12533160
_c12533160
100 _a20230915d2022 k y0rusy50 ca
101 0 _arus
102 _aRU
105 _aа|||z|||100zy
181 0 _ai3
_baxxe
182 0 _an
200 1 _aОт социально-профессиональных проб к социально-ценностному определению. Диссеминация опыта школы
_eсборник материалов научно-практической конференции (8 сентября 2022 года)
_fМинистерство науки и высшего образования РФ, Федеральное государственное автономное образовательное учреждение высшего образования "Белгородский государственный национальный исследовательский университет", Старооскольский филиал (СОФ НИУ "БелГУ"), Кафедра педагогики и физической культуры, Муниципальное автономное образовательное учреждение "Средняя общеобразовательная школа № 24 с углубленным изучением отдельных предметов"
_gредакционная коллегия: Т. П. Беликова, канд. социол. наук, профессор (отв. редактор) [и др.]
203 _aТекст
_bвизуальный
_cнепосредственный
210 _aСтарый Оскол
_cРОСА
_d2022
215 _a187 с.
_cил., табл.
_d29
320 _aБиблиогр. в конце ст.
606 1 _aШкольники
_xВоспитание
_jСъезды, совещания и т.п
_2nlr_sh1
_2nlr_sh2
_3RU\NLR\AUTH\66482799
606 1 _aШкольники
_xПрофессиональная ориентация
_jСъезды, совещания и т.п
_2nlr_sh2
_3RU\NLR\AUTH\661284899
675 _a37(082)
_v4
686 1 _aЧ421.3я431
686 1 _aЧ421.202.5я431
702 1 _aБеликова
_bТ. П.
_gТамара Павловна
_4340
711 1 2 _a"От социально-профессиональных проб к социально-ценностному определению. Диссеминация опыта школы", научно-практическая конференция
_f2022
_eСтарый Оскол
_3RU\NLR\AUTH\880597969
712 0 2 _aБелгородский государственный национальный исследовательский университет
_bСтарооскольский филиал
_bКафедра педагогики и физической культуры
_3RU\NLR\AUTH\880597971
_4557
942 _cBOOK
980 _aNB